000 00320nam a2200133Ia 4500
008 200103s9999||||xx |||||||||||||| ||und||
040 _aIMU-MPC
082 _aColumn-25
100 _aShankland, Robert S.
245 0 _aAtomic and Nuclear Physics
260 _bMacmillan, London
_c1961
300 _axvi, 665
942 _cBK
999 _c6911
_d6911